000 01184nam a2200253Ia 4500
999 _c52671
_d52671
001 19695
003 GE_BSU
005 20200327202855.0
008 181216s1990||||ge |||||||||||||| ||geo||
040 _cGE_BSU
041 _ageo
080 _a271.22(479.22) ს-29
100 _aფოცხიშვილი, ალექსანდრე
_97813
245 _aპოლემიკა ანტონ ბაგრატიონის (ანტონ პირველის) გარშემო /
_cალექსანდრე ფოცხიშვილი ; რედ. ა. ონიანი.
264 _aთბილისი :
_bმეცნიერება,
_c1990.
300 _a110 გვ. ;
_c20 სმ
541 _h2ლ.40თ.
653 _aრელიგია
653 _aსაქართველოს კათალიკოსები
653 _a საქართველოს მართლმადიდებლური ეკლესია
700 _aონიანი, ა.
_eრედაქტორი
_97814
710 _aსაქ. რესპ. მეცნ. აკადემია
_97815
942 _cBK
_2udc